Buckskin and homespun : frontier Texas clothing, 1820-1870 /

Bibliographic Details
Main Author: Holman, David
Corporate Author: Wind River Press
Other Authors: Persons, Billie, Massey, Pat
Format: Book
Language:English
Published: Austin : Wind River Press, [1979]
Subjects:

MARC

Tag First Indicator Second Indicator Subfields
LEADER 00000cam a2200000 a 4500
001 in00000063101
005 20190207093440.0
008 800109s1979 txuach b 001 0 eng
010 |a  81481343  
019 |a 6293112  |a 6313876  |a 10702517  |a 34186257 
029 1 |a AU@  |b 000025513508 
035 |a (OCoLC)ocm05858932 
035 |a (OCoLC)05858932 
035 |9 AAG6046AM 
035 |a (OCoLC)5858932  |z (OCoLC)6293112  |z (OCoLC)6313876  |z (OCoLC)10702517  |z (OCoLC)34186257 
040 |a DLC  |b eng  |c DLC  |d BTCTA  |d UMS  |d OCLCA  |d OCLCQ  |d UtOrBLW 
043 |a n-us-tx 
049 |a TXAM 
050 0 0 |a GT617.T45  |b H64 1979 
051 |a GT617.T45  |b H64 copy 2  |c Copy 2. 
082 0 0 |a 391/.009764  |2 19 
090 |a GT617.T4  |b H65 1979 
100 1 |a Holman, David. 
245 1 0 |a Buckskin and homespun :  |b frontier Texas clothing, 1820-1870 /  |c by David Holman & Billie Persons ; drawings by Pat Massey. 
264 1 |a Austin :  |b Wind River Press,  |c [1979] 
264 4 |c ©1979 
300 |a 130 pages :  |b illustrations (some color), facsimiles, portraits (some color) ;  |c 35 cm. 
336 |a text  |b txt  |2 rdacontent 
337 |a unmediated  |b n  |2 rdamedia 
338 |a volume  |b nc  |2 rdacarrier 
500 |a The Cushing Library/Chapman Texas Collection copy is part of the Floyd & Louise Chapman Texas & Borderlands Collection.  |5 TXA 
500 |a The col. ill. are mounted. 
500 |a "Four hundred and fifty copies"--Colophon. 
500 |a The Cushing Library/Texas and Borderlands Collection is no. 139 and is signed by the author. 
500 |a The Cushing Library/Lowman/Book Design copy is no. 74 and is inscribed by the author to Al Lowman. 
500 |a The Cushing Library/Lowman/Book Design copy contains ephemera and a book announcement. 
504 |a Includes bibliographical references and index. 
650 0 |a Clothing and dress  |z Texas  |x History  |y 19th century. 
650 0 |a Leather garments  |z Texas  |x History  |y 19th century. 
650 0 |a Textile fabrics  |z Texas  |x History  |y 19th century. 
650 0 |a Frontier and pioneer life  |z Texas. 
651 0 |a Texas  |x Social life and customs. 
700 1 |a Persons, Billie. 
700 1 |a Massey, Pat. 
710 2 |a Wind River Press. 
938 |a Baker and Taylor  |b BTCP  |n 81481343 
994 |a C0  |b TXA 
948 |a updated  |b h  |c 2013/12/2  |d c  |e nbehmer  |f 12:40:24 pm 
999 |a MARS 
999 f f |s 5d269bee-0420-3c3d-88a2-3141a7a23804  |i 3248dc28-3f8c-3517-a16c-56a0b4887268  |t 0 
952 f f |p noncirc  |a Texas A&M University  |b College Station  |c Cushing Memorial Library & Archives  |d Cushing: Lowman (Does not check out)  |t 0  |e GT617.T4 H65 1979  |f Oversize  |h Library of Congress classification  |i unmediated -- volume 
952 f f |p noncirc  |a Texas A&M University  |b College Station  |c Cushing Memorial Library & Archives  |d Cushing: Chapman Texas Collection (Does not check out)  |t 0  |e GT617.T4 H65 1979  |f Oversize  |h Library of Congress classification  |i unmediated -- volume  |m A14800489073 
998 f f |a GT617.T4 H65 1979  |t 0  |l Cushing: Lowman (Does not check out) 
998 f f |a GT617.T4 H65 1979  |t 0  |l Cushing: Chapman Texas Collection (Does not check out)